00760nam a22001937a 4500003000200000005001700002008004100019020002200060050002300082100003000105245013600135260006000271300003000331504005200361650004400413650005400457650003400511700002100545020250407095302.0250404b xxu||||| |||| 00| 0 eng d a978-1-80061-428-4 aHG 1615b.B36 2024 aBoubaker, Sabri , editor. aBanking resilience bNew Insights on corporate governance, sustainability and digital InnovationcSabri Boubaker and Marwa Elnahass aLondon bWorld Scientific Publishing Europe Ltd. c2024 axxvii, 505 pages;c24cm.  aIncludes bibliographical references and Index.  aBanking stability -- Banks and banking. aFinancial risk management -- Economic resilience. aBank failures — Prevention. aElnahass, marwa